000 00672nam a2200205 a 4500
001 000002430
005 20200929150208.0
008 090702s1992 sp a 000 0 spa d
020 _a8486168759
040 _aDO-SdBNP
_bspa
_cBNPHU
082 _axxxx
_bG216l
100 1 _aGarcía Padrino, Jaime
_97690
245 1 0 _aLibros y literatura para niños en la España contemporánea /
_cJaime García Padrino.
260 _aMadrid :
_bFundación Germán Sánchez Ruipérez,
_c1992.
300 _a591 p. :
_bil. ;
_c22 cm.
490 1 _aBiblioteca del Libro
_v52
500 _aIncluye índice
504 _aBibliografîa : p. 565-576
830 0 _aBiblioteca del libro
_n52
_97691
999 _c2266
_d2266